书目信息 |
| 题名: |
建国初期工商团体的重组与改造
|
|
| 作者: | 陈竹君 著 | |
| 分册: | ||
| 出版信息: | 北京 人民日报出版社 2014 |
|
| 页数: | 220页 | |
| 开本: | 24cm | |
| 丛书名: | 人民日报学术文库 | |
| 单 册: | ||
| 中图分类: | F279.276.31 | |
| 科图分类: | ||
| 主题词: | 工商企业--行业组织--研究--武汉 | |
| 电子资源: | ||
| ISBN: | 978-7-5115-2765-3 | |
| 000 | 01126nam0 2200265 450 | |
| 001 | 339559 | |
| 005 | 20150608162829.53 | |
| 010 | @a978-7-5115-2765-3@dCNY43.00 | |
| 100 | @a20141203d2014 kemy0chiy50 ea | |
| 101 | 0 | @achi |
| 102 | @aCN@b110000 | |
| 105 | @ay v 000yy | |
| 106 | @ar | |
| 200 | 1 | @a建国初期工商团体的重组与改造@Ajian guo chu qi gong shang tuan ti de chong zu yu gai zao@e武汉市个案研究@f陈竹君著 |
| 210 | @a北京@c人民日报出版社@d2014 | |
| 215 | @a220页@d24cm | |
| 225 | 1 | @a人民日报学术文库 |
| 330 | @a本书为研究建国初期工商团体改造历史的学术专著, 以武汉市档案馆所藏原始档案资料为基础, 以武汉市为例, 阐述了新中国建立初期新政权对工商团体进行重组与改造的步骤与措施, 从一个侧面反映了建国初期武汉城市社会经济的变迁, 丰富了武汉城市社会史研究的内容, 在一定意义上填补了学术界关于建国初期工商团体变迁史研究的不足。 | |
| 410 | 0 | @12001 @a人民日报学术文库 |
| 517 | 1 | @a武汉市个案研究@Awu han shi ge an yan jiu |
| 606 | 0 | @a工商企业@x行业组织@x研究@y武汉 |
| 690 | @aF279.276.31@v5 | |
| 701 | 0 | @a陈竹君@Achen zhu jun@c(女)@4著 |
| 801 | 0 | @aCN@b卓展宏图@c20150525 |
| 905 | @dF279.276.31@e1241@f4 | |
| 建国初期工商团体的重组与改造:武汉市个案研究/陈竹君著.-北京:人民日报出版社,2014 |
| 220页;24cm.-(人民日报学术文库) |
| ISBN 978-7-5115-2765-3:CNY43.00 |
| 本书为研究建国初期工商团体改造历史的学术专著, 以武汉市档案馆所藏原始档案资料为基础, 以武汉市为例, 阐述了新中国建立初期新政权对工商团体进行重组与改造的步骤与措施, 从一个侧面反映了建国初期武汉城市社会经济的变迁, 丰富了武汉城市社会史研究的内容, 在一定意义上填补了学术界关于建国初期工商团体变迁史研究的不足。 |
| ● |
| 相关链接 |
|
|
|
|
正题名:建国初期工商团体的重组与改造
索取号:F279.276.31/1241
 
预约/预借
| 序号 | 登录号 | 条形码 | 馆藏地/架位号 | 状态 | 备注 |
| 1 | 863142 | 208631426 | 第一样本阅览室/ [索取号:F279.276.31/1241] | 在馆 | |
| 2 | 863143 | 208631435 | 密集书库-海洋学院/ [索取号:F279.276.31/1241] | 在馆 | |
| 3 | 863144 | 208631444 | 第一借阅区/ [索取号:F279.276.31/1241] | 在馆 | |
| 4 | 863145 | 208631453 | 第一借阅区/ [索取号:F279.276.31/1241] | 在馆 |